| 000 | 00860nam a2200229Ia 4500 | ||
|---|---|---|---|
| 003 | OSt | ||
| 005 | 20260122193557.0 | ||
| 007 | ca aa aaaaa | ||
| 008 | 201103s9999 xx 000 0 und d | ||
| 040 | _cSSBUL | ||
| 041 | _abur | ||
| 082 |
_a၂၉၄.၃၈၂၃ _bလှိုင် |
||
| 100 |
_a လှိုင်၊ ဆရာ၊ ပဋ္ဌာန်း _917409 |
||
| 245 | 0 |
_aမဟာဓမ္မစကြာအမေး- အဖြေ / _cပဋ္ဌာန်းဆရာလှိုင်။ |
|
| 250 | _aပဥ္စမအကြိမ်။ | ||
| 260 |
_aရန်ကုန် ၊ _bကာယသုခပုံနှိပ်တိုက်၊ _c၁၉၇၇။ |
||
| 300 |
_a၁၃၈ စာမျက်နှာ ၊ _c၁၈ စင်တီ။ |
||
| 500 | _aS-SAT: Dr. Prof Sai Aung Tun | ||
| 942 | _cBK1 | ||
| 942 | _2ddc | ||
| 942 | _2ddc | ||
| 999 |
_c16841 _d16841 |
||